LEADER 01279nam a2200277 u 4500 001 000000013773 003 CaOOAMICUS 005 20070226105704.0 008 940517s1992 it u000 u ita u 035 $a10327554 040 $aPUL(R)$bita 245 00$aCattolici in "Provincia Granda" (1945-1960) /$ccontributi di Luciano Bertello ... [et al.]. 260 $aTorino :$bCentro studi Carlo Trabucco,$c1992. 300 $a107 p. ;$c24 cm 490 1 $aQuaderni del Centro Studi Carlo Trabucco ;$v18 500 $aContiene indicazioni bibliografiche. 600 14$aBertello, Luciano.$0(OLS)http://pul/subject/9884 650 4$aCattolici$zItalia$xStoria.$0(OLS)http://pul/subject/5099 710 2 $aCentro studi sul giornalismo piemontese "Carlo Trabucco" (Torino).$0(OLS)http://pul/name/1273 830 0$aQuaderni del Centro Studi Carlo Trabucco ;$v18.$0(OLS)http://pul/title/1670 850 $aPUL 852 $aPUL$W1$xDP1 Fondo Maccarrone$y58$m1526 E 15$j19355$nBK-PRI$b $qFondi$B19355$CPULBib$Z2$F19355 $H $81 941 1 $a1 961 $aINV: F.Maccarrone 996 $6245$aCattolici in "Provincia Granda" (1945-1960)$9(OLS)http://pul/title/19828 996 $6260$aTorino :$bCentro studi Carlo Trabucco$9(OLS)http://pul/publisher/54141 LEADER 00901naa a2200229 u 4500 001 000000095570 003 CaOOAMICUS 005 20070226130143.0 008 040705s1986 it u000 u ita u 020 $a8806593412 035 $a11002990 040 $aIAR$bita 100 1 $aCastagnetti, Andrea.$0(OLS)http://pul/name/10177 245 13$aLe decime e i laici /$cAndrea Castagnetti. 260 $aTorino :$bGiulio Einaudi,$c1986. 300 $aS. 509-533, ;$c22 cm 650 4$aDecime$zItalia.$0(OLS)http://pul/subject/2394 773 0 $aStoria d'Italia (Giulio Einaudi ed.)$gAnnali 9. 773 0 $tStoria d'Italia. Annali. 9, La Chiesa e il potere politico dal Medioevo all'età contemporanea$w()28851 996 $6020$a8806593412$9(OLS)http://pul/number/35870 996 $6245$aLe decime e i laici$9(OLS)http://pul/title/122447 996 $6260$aTorino :$bGiulio Einaudi$9(OLS)http://pul/publisher/54573